Industria azucarera nacional 1952-1989 /

Bibliographic Details
Main Author: Errázuriz, Enrique
Other Authors: Fortunatti, Rodolfo, Bustamante, Cristian
Format: Libro
Language:English
Published: Santiago, Chile PET 1990
Edition:1a.ed.
Series:Estudios sectoriales 7
Subjects:

MARC

LEADER 00000cam a2200000 a 4500
001 010426
003 UAHC_CL
005 20170803120657.0
008 010822b xx j 000 1 eng
040 |a UAHC_CL  |c UAHC_CL  |d UAHC_CL 
082 0 4 |a 338.1736 E72 
100 1 |a Errázuriz, Enrique 
245 1 0 |a Industria azucarera nacional 1952-1989 /  |c Enrique Errázuriz, Rodolfo Fortunatti, Cristián Bustamante. 
250 |a 1a.ed. 
260 |b PET  |c 1990  |a Santiago, Chile 
300 |a 203 p. 
490 0 |a Estudios sectoriales  |v 7 
650 4 |a INDUSTRIA AZUCARERA  |z CHILE 
650 4 |a INDUSTRIA 
650 4 |a EMPRESAS 
700 1 |a Fortunatti, Rodolfo 
700 1 |a Bustamante, Cristian 
900 |a 338.1736 ERR 
942 |c BK 
952 |0 0  |1 0  |4 0  |6 338_173600000000000_ERR  |7 0  |8 General  |9 21480  |a BC  |b BC  |c General  |d 2017-08-03  |l 0  |o 338.1736 ERR  |p 1309383  |r 2026-01-13 00:00:00  |t 1  |w 2017-08-03  |y BK 
999 |c 10426  |d 10426